| 000 | 02561nam0a2200397 i 4500 | ||
|---|---|---|---|
| 001 | RU\NLR\BIBL_A\012094690 | ||
| 005 | 20260408021424.0 | ||
| 010 |
_a9785885755436 _9500 |
||
| 021 |
_aRU _b2019-58859 _9КН-П-4222 |
||
| 035 | _a(RuMoRGB)010061746 | ||
| 035 | _a(NLR Aleph) 012094690 | ||
| 090 |
_a11872865 _c11872865 |
||
| 100 | _a20190916d2018 km y0rusy50 ca | ||
| 101 | 0 | _arus | |
| 102 | _aRU | ||
| 105 | _aa|||z|||001zy | ||
| 200 | 1 |
_aЛогистические затраты в отраслях и сферах деятельности _eмонография _f[О. М. Гизатуллина, С. В. Гранкина, Т. О. Капп и др.] _gпод общей редакцией доктора экономических наук Е. Р. Храмцовой _gМинистерство сельского хозяйства Российской Федерации, Федеральное государственнное бюджетное образовательное учреждение высшего образования "Самарская государственная сельскохозяйственная академия", Институт управленческих технологий и аграрного рынка |
|
| 210 |
_aКинель _cРИО Самарской ГСХА _d2018 |
||
| 215 |
_a172 с. _cил., табл. _d21 |
||
| 300 | _aАвт. указаны на обороте тит. л. | ||
| 320 | _aБиблиогр.: с. 166-171 (62 назв.) | ||
| 320 | _aАлф.-предм. указ.: с. 172 | ||
| 606 | 1 |
_aЛогистические издержки _xУправление _92143299 _3RU\NLR\AUTH\661291555 |
|
| 610 | 0 | _aлогистические издержки | |
| 686 | 1 | _aУ9(2)-862-21 | |
| 686 | 1 | _aУ40(2)в611 | |
| 701 | 1 |
_aГизатуллина _bО. М. _gОльга Михайловна |
|
| 701 | 1 |
_aГранкина _bС. В. _cканд. экон. наук _gСветлана Валерьевна _9190220 _3RU\NLR\AUTH\770190271 |
|
| 701 | 1 |
_aКапп _bТ. О. _cканд. экон. наук _gТатьяна Олеговна _9190229 _3RU\NLR\AUTH\770190280 |
|
| 702 | 1 |
_4340 _aХрамцова _bЕ. Р. _cд-р экон. наук _gЕлена Романовна _9190221 _3RU\NLR\AUTH\770190272 |
|
| 712 | 0 | 2 |
_4570 _aИнститут управленческих технологий и аграрного рынка _cСамара _3RU\NLR\AUTH\8810181321 _9859260 |
| 942 | _cBOOK | ||
| 980 | _aNBR | ||